Palmarès de la Coupe du Monde de Football - Statistiques

Statistiques générales
  • Ce quiz a été pris 589 fois
  • Le résultat moyen est 67 sur 84
Statistiques - réponses
Hint Réponse % Correct
Gagnant 1958 Brésil
99%
Gagnant 1962 Brésil
99%
Gagnant 1970 Brésil
99%
Gagnant 1994 Brésil
99%
Gagnant 2002 Brésil
99%
Deuxième 1950 Brésil
99%
Deuxième 1998 Brésil
99%
Troisième 1938 Brésil
99%
Troisième 1978 Brésil
99%
Quatrième 1974 Brésil
99%
Quatrième 2014 Brésil
99%
Gagnant 1998 France
99%
Gagnant 2018 France
99%
Deuxième 2006 France
99%
Troisième 1958 France
99%
Troisième 1986 France
99%
Quatrième 1982 France
99%
Gagnant 2014 Allemagne
98%
Deuxième 2002 Allemagne
98%
Troisième 1934 Allemagne
98%
Troisième 2006 Allemagne
98%
Troisième 2010 Allemagne
98%
Gagnant 1978 Argentine
98%
Gagnant 1986 Argentine
98%
Deuxième 1930 Argentine
98%
Deuxième 1990 Argentine
98%
Deuxième 2014 Argentine
98%
Gagnant 1934 Italie
98%
Gagnant 1938 Italie
98%
Gagnant 1982 Italie
98%
Gagnant 2006 Italie
98%
Deuxième 1970 Italie
98%
Deuxième 1994 Italie
98%
Troisième 1990 Italie
98%
Quatrième 1978 Italie
98%
Gagnant 2010 Espagne
97%
Quatrième 1950 Espagne
97%
Gagnant 1930 Uruguay
97%
Gagnant 1950 Uruguay
97%
Quatrième 1954 Uruguay
97%
Quatrième 1970 Uruguay
97%
Quatrième 2010 Uruguay
97%
Gagnant 1966 Angleterre
93%
Quatrième 1990 Angleterre
93%
Quatrième 2018 Angleterre
93%
Deuxième 1974 Pays-Bas
85%
Deuxième 1978 Pays-Bas
85%
Deuxième 2010 Pays-Bas
85%
Troisième 2014 Pays-Bas
85%
Quatrième 1998 Pays-Bas
85%
Deuxième 2018 Croatie
84%
Troisième 1998 Croatie
84%
Troisième 2018 Belgique
82%
Quatrième 1986 Belgique
82%
Troisième 1966 Portugal
75%
Quatrième 2006 Portugal
75%
Deuxième 1958 Suède
65%
Troisième 1950 Suède
65%
Troisième 1994 Suède
65%
Quatrième 1938 Suède
65%
Deuxième 1938 Hongrie
64%
Deuxième 1954 Hongrie
64%
Quatrième 1966 Union Soviétique
59%
Gagnant 1954 RFA
58%
Troisième 1962 Chili
53%
Quatrième 2002 Corée du Sud
53%
Quatrième 1930 Yougoslavie
51%
Quatrième 1962 Yougoslavie
51%
Troisième 1930 États-Unis
49%
Gagnant 1974 RFA
49%
Gagnant 1990 RFA
49%
Deuxième 1966 RFA
49%
Deuxième 1982 RFA
49%
Deuxième 1986 RFA
49%
Troisième 1970 RFA
49%
Quatrième 1958 RFA
49%
Deuxième 1934 Tchécoslovaquie
49%
Deuxième 1962 Tchécoslovaquie
49%
Troisième 2002 Turquie
49%
Troisième 1974 Pologne
47%
Troisième 1982 Pologne
47%
Quatrième 1994 Bulgarie
32%
Troisième 1954 Autriche
30%
Quatrième 1934 Autriche
30%
Aucun quiz correspondant
Distribution des résultats
% des personnes avec chaque résultat
Percentile par nombre de réponses
Votre historique - résultats
Vous n’avez pas pris ce quiz